Rigoletto - Personaggi - Statistics

Statistiche generali
  • Questo quiz è stato fatto 27 volte
  • Il punteggio medio è 6 su 14
Statistiche sulle risposte
Registro vocale Personaggio % Corretto
Baritono Rigoletto
100%
Soprano Gilda
94%
Basso Sparafucile
81%
Tenore Il Duca di Mantova
75%
Contralto Maddalena
56%
Baritono Marullo
31%
Tenore (o Mezzosoprano) Paggio della Duchessa
31%
Mezzosoprano Giovanna
25%
Baritono Il Conte di Monterone
25%
Mezzosoprano La Contessa di Ceprano
25%
Basso Il Conte di Ceprano
13%
Tenore Matteo Borsa
6%
Basso Usciere di corte
6%
Coro Cavalieri, Dame, Paggi, Alabardieri
0%
Nessun quiz corrispondente trovato
Distribuzione punteggi
Percentuale di utenti per punteggio
Percentile per numero di risposta
I tuoi punteggi nel tempo
Non hai fatto questo quiz